000 00595cam a2200169 4500500
005 20260329001817.0
041 _afre
042 _adc
100 1 0 _aChapuis, Émilie
_eauthor
245 0 0 _aRobert Castel : « Les individus ont perdu le sentiment de pouvoir maîtriser leur avenir »
260 _c2009.
500 _a34
690 _aLa Montée des incertitudes
690 _aRobert Castel
786 0 _nPhilosophie magazine | 30 | 6 | 2009-06-01 | p. 3-3 | 1951-1787
856 4 1 _uhttps://shs.cairn.info/magazine-philosophie-magazine-2009-6-page-3?lang=fr&redirect-ssocas=7080
999 _c1808860
_d1808860